Indina Kannaḍa barahagāraru. (Record no. 64672)

MARC details
000 -LEADER
fixed length control field 00751cam a22002531 4500
001 - CONTROL NUMBER
control field sa 65006477
003 - CONTROL NUMBER IDENTIFIER
control field DLC
005 - DATE AND TIME OF LATEST TRANSACTION
control field 20260227112142.0
008 - FIXED-LENGTH DATA ELEMENTS--GENERAL INFORMATION
fixed length control field 890802s1962 ii d 001 0 kano
010 ## - LIBRARY OF CONGRESS CONTROL NUMBER
LC control number sa 65006477
035 ## - SYSTEM CONTROL NUMBER
System control number (OCoLC)20113295
040 ## - CATALOGING SOURCE
Original cataloging agency DLC
Transcribing agency WaU
Modifying agency DLC
042 ## - AUTHENTICATION CODE
Authentication code premarc
050 00 - LIBRARY OF CONGRESS CALL NUMBER
Classification number PL4651
Item number .I5
245 00 - TITLE STATEMENT
Title Indina Kannaḍa barahagāraru.
260 ## - PUBLICATION, DISTRIBUTION, ETC.
Date of publication, distribution, etc. 1962.
300 ## - PHYSICAL DESCRIPTION
Extent viii, 119 p.
Dimensions 21 cm.
500 ## - GENERAL NOTE
General note Added t. p.: Who's who of Kannada writers.
500 ## - GENERAL NOTE
General note In Kannada; "Index of authors" in English.
650 #0 - SUBJECT ADDED ENTRY--TOPICAL TERM
Topical term or geographic name entry element Authors, Kannada
Form subdivision Dictionaries.
650 #0 - SUBJECT ADDED ENTRY--TOPICAL TERM
Topical term or geographic name entry element Anonyms and pseudonyms, Kannada.
710 2# - ADDED ENTRY--CORPORATE NAME
Corporate name or jurisdiction name as entry element Southern Languages Book Trust (Madras, India)
740 0# - ADDED ENTRY--UNCONTROLLED RELATED/ANALYTICAL TITLE
Uncontrolled related/analytical title Who's who of Kannada writers.

No items available.

Powered by Koha